Lana Del Rey - A&W (Part II) (Lyrics) - Statistics

General Stats
  • This quiz has been taken 238 times
  • The average score is 238 of 313
Answer Stats
Answer % Correct
Jimmy,
97%
Jimmy
97%
I
90%
me
89%
get
88%
he
88%
you
88%
high
87%
Love
85%
love,
85%
love
85%
big
84%
time
84%
Your
84%
fucking
82%
her
82%
told
82%
when
82%
you're
82%
called,
81%
mom
81%
only
80%
up
80%
up,
80%
wanna
80%
if
76%
my
73%
ride
73%
be
60%
can
58%
it
56%
Ko-Ko-Bop,
55%
the
55%
light
51%
mind
48%
club
47%
in
47%
find
46%
already
44%
baby,
44%
lost
44%
house,
42%
leave
42%
don't
41%
Shimmy
39%
switch
39%
care,
38%
But
34%
should
31%
live
19%
and
17%
lie
10%
No matching quizzes found
Score Distribution
Percent of People with Each Score
Percentile by Number Answered
Your Score History
You have not taken this quiz